000 00742nam a2200241 a 4500
001 BRL_777
005 20190320210906.0
008 071013s1949----mx-a######---#000-0#spa-#
041 _aspa
044 _amx
050 4 _aPQ7235
_b.V35 1949
100 1 _aValdiosera, Ramón
_924910
245 1 0 _aDoce cuentos sobre niños y juguetes mexicanos
_cpor Valdiosera ; texto por Hector Ventura Castro ; traducción por Ruth Poyo.
260 _aMexico, D.F.
_bFischgrund
_c1949
300 _a20 p.
_bil., 12 láminas
_c21 cm.
500 _aAu895
650 1 4 _aCuentos mexicanos
_924911
700 1 _aVentura Castro, Hector
_924912
700 1 _aPoyo, Ruth
_etr.
_924913
740 0 _aNiños y juguetes mexicanos
902 _aGRL
942 _2lcc
_cB
999 _c9589
_d9589